000 01018nas a2200337 4500
001 BR0810391
003 BR-BrBNA
005 20231205112922.0
007 ta
008 230509b bl.|||p| |||| 00| 00por d
040 _aBR-BrBNA
_bpor
_cBiblioteca Nacional de Agricultura
041 _a(Pt)
072 _aB10; P40; F01
100 1 _aCaramori, P.H.
100 1 _aAndrocioli Filho, A.
100 1 _aMorais, H.
100 1 _aCarneiro Filho, F.
100 1 _aDuquia, C.
245 1 _aSistema de alerta para geadas na cafeicultura do Paraná
650 _aGEADA
650 _aTECNOLOGIA
650 _aPRODUÇÃO AGRÍCOLA
650 _aCAFÉ
650 _aRISCO CLIMÁTICO
650 _aPREVISÃO DO TEMPO
650 _aSENSORIAMENTO REMOTO
650 _aPARANÁ
773 0 _tInforme Agropecuário - Empresa de Pesquisa Agropecuária de Minas Gerais (Brazil)
_xISSN 0100-3364
_g(Nov-Dec 2007), v. 28(241) p. 66-71
_wBR0810391
909 _a202311
_bLúcia
_c55
_dLúcia Elande
942 _2AGRIS
_n0
_cANA
999 _c200792
_d200792